书目信息 |
| 题名: |
修剪
|
|
| 作者: | 斯夸尔, 著 ;肖立梅 译 | |
| 分册: | ||
| 出版信息: | 长沙 湖南科学技术出版社 2006.05 |
|
| 页数: | 77页 | |
| 开本: | 24cm | |
| 丛书名: | DIY巧手园艺系列 | |
| 单 册: | ||
| 中图分类: | TS986.2 | |
| 科图分类: | ||
| 主题词: | 园林植物--yuan lin zhi wu--修剪--基本知识 , 园艺--yuan yi--基本知识 | |
| 电子资源: | ||
| ISBN: | 7-5357-4544-X | |
| 000 | 01104nam 2200289 450 | |
| 001 | 012006950562 | |
| 005 | 20061128101959.81 | |
| 010 | @a7-5357-4544-X@dCNY28.00 | |
| 100 | @a20061029d2006 km y0chiy0120 ea | |
| 101 | 1 | @achi@ceng |
| 102 | @aCN@b430000 | |
| 105 | @aa z 000yy | |
| 200 | 1 | @a修剪@Axiu jian@f(英) David Squire著@F(ying)David Squire zhu@g肖立梅译@Gxiao li mei yi |
| 210 | @a长沙@c湖南科学技术出版社@d2006.05 | |
| 215 | @a77页@c图@d24cm | |
| 225 | 2 | @aDIY巧手园艺系列@ADIY qiao shou yuan yi xi lie |
| 304 | @a题名与责任者、译者取自封面 | |
| 314 | @a责任者译姓取自版权页 | |
| 330 | @a本书介绍了许多如何对植物从幼年到成熟园林进行修剪方面的知识,并对如何修复无人料理的植物,比如灌木、树状灌木、攀缘植物及树篱以及杂草丛生的花园能否继续利用等,提供了详细的建议。 | |
| 410 | 0 | @12001 @aDIY巧手园艺系列 |
| 606 | 0 | @a园林植物@Ayuan lin zhi wu@x修剪@x基本知识 |
| 606 | 0 | @a园艺@Ayuan yi@x基本知识 |
| 690 | @aTS986.2@v4 | |
| 701 | 1 | @a斯夸尔,@Asi kua er,@bD.@g(Squire, David)@4著 |
| 702 | 0 | @a肖立梅@Axiao li mei@4译 |
| 801 | 0 | @aCN@c20061128 |
| 905 | @a10447@dTS986.2@eS709 | |
| 修剪/(英) David Squire著/肖立梅译.-长沙:湖南科学技术出版社,2006.05 |
| 77页:图;24cm.-(DIY巧手园艺系列) |
| ISBN 7-5357-4544-X:CNY28.00 |
| 本书介绍了许多如何对植物从幼年到成熟园林进行修剪方面的知识,并对如何修复无人料理的植物,比如灌木、树状灌木、攀缘植物及树篱以及杂草丛生的花园能否继续利用等,提供了详细的建议。 |
| ● |
| 相关链接 |
|
|
|
正题名:修剪
索取号:TS986.2/S709
 
预约/预借
| 序号 | 登录号 | 条形码 | 馆藏地/架位号 | 状态 | 备注 |
| 1 | 224893 | 202248932 | 自科库501/501自科库 47排1列5层/ [索取号:TS986.2/S709] | 在馆 | |
| 2 | 224894 | 202248941 | 自科库501/501自科库 47排1列5层/ [索取号:TS986.2/S709] | 在馆 | |
| 3 | 224895 | 202248950 | 自科二线504/501自科库 47排1列5层/ [索取号:TS986.2/S709] | 在馆 |